Public Debt, Money Supply, and Inflation : A Cross-Country Study and Its Application to Jamaica /

This paper provides comprehensive empirical evidence that supports the predictions of Sargent and Wallace's (1981) "unpleasant monetarist arithmetic" that an increase in public debt is typically inflationary in countries with large public debt. Drawing on an extensive panel dataset, w...

Deskribapen osoa

Xehetasun bibliografikoak
Egile nagusia: Kwon, Goohoon
Beste egile batzuk: McFarlane, Lavern, Robinson, Wayne
Formatua: Aldizkaria
Hizkuntza:English
Argitaratua: Washington, D.C. : International Monetary Fund, 2006.
Saila:IMF Working Papers; Working Paper ; No. 2006/121
Sarrera elektronikoa:Full text available on IMF
LEADER 02425cas a2200265 a 4500
001 AALejournalIMF004148
008 230101c9999 xx r poo 0 0eng d
020 |c 5.00 USD 
020 |z 9781451863819 
022 |a 1018-5941 
040 |a BD-DhAAL  |c BD-DhAAL 
100 1 |a Kwon, Goohoon. 
245 1 0 |a Public Debt, Money Supply, and Inflation :   |b A Cross-Country Study and Its Application to Jamaica /  |c Goohoon Kwon, Lavern McFarlane, Wayne Robinson. 
264 1 |a Washington, D.C. :  |b International Monetary Fund,  |c 2006. 
300 |a 1 online resource (39 pages) 
490 1 |a IMF Working Papers 
500 |a <strong>Off-Campus Access:</strong> No User ID or Password Required 
500 |a <strong>On-Campus Access:</strong> No User ID or Password Required 
506 |a Electronic access restricted to authorized BRAC University faculty, staff and students 
520 3 |a This paper provides comprehensive empirical evidence that supports the predictions of Sargent and Wallace's (1981) "unpleasant monetarist arithmetic" that an increase in public debt is typically inflationary in countries with large public debt. Drawing on an extensive panel dataset, we find that the relationship holds strongly in indebted developing countries, weakly in other developing countries, but generally not in developed economies. These results are robust to the inclusion of other variables, corrections for endogeneity biases, and relaxation of common-slope restrictions and are invariant over sub-sample periods. We estimate a VAR to trace out the transmission channel and find the impulse responses consistent with the predictions of a forward-looking model of inflation. Wealth effects of public debt could also affect inflation, as posited by the fiscal theory of the price level, but we do not find supportive evidence. The results suggest that the risk of a debt-inflation trap is significant in highly indebted countries, and pure money-based stabilization is unlikely to be effective over the medium term. Our findings stress the importance of institutional and structural factors in the link between fiscal policy and inflation. 
538 |a Mode of access: Internet 
700 1 |a McFarlane, Lavern. 
700 1 |a Robinson, Wayne. 
830 0 |a IMF Working Papers; Working Paper ;  |v No. 2006/121 
856 4 0 |z Full text available on IMF  |u http://elibrary.imf.org/view/journals/001/2006/121/001.2006.issue-121-en.xml  |z IMF e-Library